Historia de la Caja de Crédito Hipotecario

Gardado en:
Detalles Bibliográficos
Autor Principal: Cordero Rebolledo, Raúl (Author)
Autor Corporativo: Banco del Estado de Chile (Author)
Formato: Libro
Idioma:Lingua castelá
Publicado: Santiago Imprenta Salecianos S. A. 1999
Edición:1a. ed
Subjects:
Tags: Engadir etiqueta
Sen Etiquetas, Sexa o primeiro en etiquetar este rexistro!

MARC

LEADER 00000nam a2200000 a 4500
001 UCJ8014
003 CL-VaPUC
008 070124e19990000CL |||||||||||||||||spa|d
020 |a 9567523045 
082 0 4 |a 983  |b COR  |2 21 
100 |a Cordero Rebolledo, Raúl  |e author  |9 517511 
110 2 |a Banco del Estado de Chile  |e author  |9 516603 
245 1 0 |a Historia de la Caja de Crédito Hipotecario 
250 |a 1a. ed 
300 |a 160 p 
942 |c BK 
945 |d 20070124 00:00:00  |a rinostro 
260 |a Santiago  |b Imprenta Salecianos S. A.  |c 1999 
500 |a Ilustraciones e iconografía sin indizar 
650 7 |a CREDITO HIPOTECARIO  |2 CL-VaPUC  |9 385364 
650 7 |a BANCOS CHILENOS  |2 CL-VaPUC  |9 516604 
650 0 |a Presidentes de Chile  |9 268293 
650 0 |a Biografías  |9 255210 
650 0 |a Ilustraciones  |9 369481 
650 0 |a Edificios públicos   |9 269003 
650 7 |a NAVES DE GUERRA  |2 CL-VaPUC  |9 446108 
650 0 |a Pintores chilenos  |9 345328 
650 0 |a Acorazado  |x Buque de guerra   |9 448753 
651 0 |a Santiago  |9 265444 
651 7 |a MAPOCHO  |2 CL-VaPUC  |9 516605 
651 0 |a Valparaíso, Chile  |9 261144 
583 |a last modification  |c 20160105 01:14:05  |k Rodrigo Vera 
999 |c 323874  |d 323872 
952 |0 0  |1 0  |4 0  |6 983_000000000000000_COR_1999  |7 0  |8 X  |9 403705  |a FDOBUD  |b FDOBUD  |d 2019-11-22  |i 1071475  |o 983 COR 1999  |p 1071475  |r 2019-11-22  |w 2019-11-22  |y BK_X  |k BUD 
952 |0 0  |1 0  |4 0  |6 983_000000000000000_COR_1999  |7 0  |8 X  |9 403706  |a FDOBUD  |b FDOBUD  |d 2019-11-22  |i 1081578  |o 983 COR 1999  |p 1081578  |r 2019-11-22  |w 2019-11-22  |y BK_X  |k BUD 
952 |0 0  |1 0  |4 0  |6 983_000000000000000_COR_1999  |7 0  |8 X  |9 403707  |a FDOBUD  |b FDOBUD  |d 2019-11-22  |i 4557557  |o 983 COR 1999  |p 4557557  |r 2019-11-22  |w 2019-11-22  |y BK_X  |k BUD